Biblioteca

What's a "significant" ministry? : (Registro nro. 68857)

Detalles MARC
000 -LÍDER
Campo fijo de descripción fija 01013nab a2200217 i 4500
001 - NÚMERO DE CONTROL
Campo de control 768714001
003 - IDENTIFICADOR DEL NÚMERO DE CONTROL
Campo de control CO-MdFUSB
005 - FECHA Y HORA DE LA ULTIMA TRANSACCIÓN
control field 20260316104718.0
008 - ELEMENTOS DE LONGITUD FIJA -- INFORMACIÓN GENERAL
Campo fijo de descripción fija -- Información general 230506s1999 -us||||| |||| 00| 0 eng d
040 ## - FUENTE DE CATALOGACIÓN
Idioma de catalogación eng
Agencia Catalogadora CO-MdFUSB
Agencia que realiza la transcripción CO-MdFUSB
Agencia que realiza la modificación CO-MdFUSB
041 ## - CÓDIGO DE IDIOMA
Código de idioma para texto/pista de sonido o título separado eng
100 ## - ASIENTO PRINCIPAL--NOMBRE PERSONAL
Nombre personal Bowman, Tim
Término relacionador autor
245 ## - TÍTULO
Título What's a "significant" ministry? :
Subtitulo what would Jesus say–to restless pastors?
Mención de responsabilidad / Tim Bowman
300 ## - DESCRIPCIÓN FÍSICA
Extensión Volumen 20, número 3 (summer 1999), páginas 99 - 109
Dimensiones ; 27 cm
520 ## - NOTA DE RESUMEN, ETC.
Nota de sumario, etc. En un mundo rodeado de grandes pastores con grandes ministerios ¿qué hace el ministerio de un pequeño pastor importante? Tim Bowman comparte ciertos aspectos que hacen un ministerio grande a los ojos de Dios y como estos ideales encajan con la vida de Cristo.
546 ## - NOTA DE IDIOMA
Nota de idioma Texto en inglés
650 #7 - ASIENTO SECUNDARIO DE MATERIA - TERMINO TEMÁTICO
Término temático o nombre geográfico como elemento de entrada Cristianismo
9 (RLIN) 22
773 0# - ASIENTO DE ITEM FUENTE
Biblionumber 68780
Itemnumber 81951
Otro identificador del ítem R2464
Título Leadership :
Número de control del registro (CO-MdFUSB)768714001
Parte(s) relacionada(s) / Volumen., número. (mes año), páginas Volumen 20, número 3 (summer 1999), páginas 99 - 109
Enumeración y primera página páginas 99
942 ## - TIPO DE MATERIAL (KOHA)
Tipo de Item KOHA Artículos de Revista
945 ## - INFORMACIÓN LOCAL DEL REGISTRO
Catalogador JTF-925

No hay ítems disponibles.

Biblioteca FUSBC | Teléfono: (57+4) 349 88 10 Ext. 141| WhatsApp (+57) 3005338115 
E-mail: biblioteca@unisbc.edu.co | Calle 76 87-14 Robledo Palenque, Medellín, Colombia

Con tecnología Koha